000 00625nam a2200241Ia 4500
003 OSt
005 20221005121317.0
006 a|||||r|||| 00| 0
007 ta
008 221004b |||||||| |||| 00| 0 guj d
024 _a40707
037 _cTextual
040 _aCRL
_cCRL
_bguj
041 _2guj
_aguj
082 _aO156,3(Y:351)x, L4
100 _aJadav Joravarsinh Ed.
_9630365
245 0 _aGujrati lok kathao
260 _c1974
300 _a324p.
_ccm.
650 _aGUJRATI LITERATURE
942 _hO156,3(Y:351)x, L4
_cTEXL
_2cc
999 _c1040717
_d1040717